000
00308nam a22001337a 4500
020
_a
8173711836
082
_a
920
_b
NEW/M
100
_a
NEWTON,DAVID E
245
_a
JAMES WATSON AND FRANCIS CRICK
260
_a
HYDERABAD
_b
UNIVERSITIES PRESS
300
_a
130
650
_a
BIOGRAPHY
_z
HYDERABAD
942
_c
BK
999
_c
5859
_d
5859